=LDR 00000nam 2200000 4500 =001 INLIS000000000021720 =005 20130612120543 =008 ***********************************Ind** =035 ##$$0010-061300000021720 =041 ##$$a Ind =082 ##$$a 519.54 =090 ##$$a 519.54, wij-s =100 ##$$a WIJAYA =245 ##$$a Statistika non parametrik (aplikasi program SPSS), Ir. Wijaya =260 ##$$a 2003 $b Bandung =300 ##$$a vii, 152 hlm., ilus, 22 cm =650 ##$$a Statistik-non parametrik =850 ##$$a NBPNMAT